000 00315 a2200109 4500
001 ART_10388
005 20260410161732.0
008 260409a
245 1 0 _aMercado de capitales argentino
100 1 _aBerardi, Jorge
773 0 _tEjecutivos de finanzas
_g- Año 3, Nº 24 (dic. 1985)
_wREV2863
999 _c17906
_d17906